000 00595nam a22001937a 4500
003 CEME
005 20210628210233.0
008 210215b xxu||||| |||| 00| 0 eng d
020 _a969-8156-03-8
040 _c.
082 _a954.91 JIN
100 _aZaidi, Z. H Zaidi, Z. H Zaidi, Z. H
_978663
245 _aJinnah papers. Vol-1/2 prelude to pakistan.20 februrary - 2 june 1947 appendices
250 _a VOL-1, PT-II
260 _aISLAMABAD
_bOXFORD UNIVERSITY PRESS
_c1993
300 _a692P
650 _aJINNAH PAPERS-VOL 1/2 PAKISTAN-INDEPENDANCE MOVEMENT
_978664
942 _cBK
_2ddc
999 _c583772
_d583772